Flagi stolic Europy (dla Geomex) - Statystyki

Ogólne statystyki
  • Ten quiz został rozwiązany 189 razy
  • Średni wynik to 11 z 43
Statystyki odpowiedzi
Obrazkowy Odpowiedź % Poprawnych
Watykan
81%
Monako
72%
San Marino
66%
Warszawa
60%
Londyn
56%
Berlin
54%
Moskwa
53%
Bukareszt
48%
Dublin
44%
Wiedeń
37%
Budapeszt
36%
Oslo
35%
Paryż
35%
Kiszyniów
34%
Lizbona
33%
Praga
31%
Amsterdam
30%
Kijów
28%
Ateny
26%
Wilno
26%
Berno
21%
Sofia
20%
Bratysława
18%
Rzym
18%
Sztokholm
18%
Madryt
15%
Bruksela
13%
Mińsk
12%
Tallinn
12%
Helsinki
11%
Zagrzeb
10%
Ryga
8%
Lublana
7%
Vaduz
7%
Andora
6%
Luksemburg
6%
Podgorica
5%
Tirana
5%
Belgrad
4%
Reykjavík
4%
Skopje
4%
Valletta
4%
Sarajewo
3%
Nie znaleziono quizów pasujących do podanych kryteriów
Rozkład punktacji
Procent ludzi z każdym wynikiem
Percentyl według liczby udzielonych odpowiedzi
Twoja historia wyników
Nie rozwiązałeś tego quizu